000
00256nam a2200109Ia 4500
008
220204s9999 xx 000 0 und d
082
_a
82-3
_b
SMI
100
_a
Smith, Guy N
245
4
_a
The Son of the werewolf
260
_a
London
_b
Nel
_c
1978
942
_c
BK
999
_c
33532
_d
33532